Statistics for guess the twd character based on their old job

Click here to take the quiz!

General Stats

  • This quiz has been taken 60 times
  • The average score is 12 of 16

Answer Stats

HintAnswer% Correct
pizza deliveryglenn
100%
police officerrick
100%
police officer (partner)shane
100%
hunter/trackerdaryl
90%
gym teachernegan
90%
stay at home momcarol
88%
drug dealermerle
83%
soldierabraham
79%
veterinarianhershel
77%
zoo keeperking
65%
nfl playertyreese
65%
lawyermichonne
58%
civil rights lawyerandrea
52%
high school science teachereugene
52%
attorneyyumiko
42%
firefightersasha
40%

Score Distribution

Percentile by Number Answered

Percent of People with Each Score

Your Score History

You have not taken this quiz